Statistics for Former UN countries

Click here to take the quiz!

General Stats

  • This quiz has been taken 29 times
    (10 since last reset)
  • The average score is 7 of 10

Answer Stats

Hint Answer % Correct
In EuropeYugoslavia
100%
In EuropeEast germany
89%
In Europe and AsiaSoviet union
89%
In EuropeCzechoslovakia
89%
In Middle eastSouth yemen
67%
In Middle eastUnited arab republic
67%
In AfricaZanzibar
56%
In AfricaTanganyika
56%
In AsiaRepublic of China
56%
In AsiaMalaya
33%

Score Distribution

Percentile by Number Answered

Percent of People with Each Score

Your Score History

You have not taken this quiz since the last reset